00420 a2200109 4500001000700000040003500007100002100042240011200063245010700175362000900282440001900291152995 cEscola São Tomás de Aquino aLITUIN, Aníbal10a1.000 curiosidades insólitas que um garoto deveria saber para descobrir que no mundo só tem louco.lpor10a1.000 curiosidades insólitas que um garoto deveria saber para descobrir que no mundo só tem louco.0 a2010 1aV & R Editoras